| 000 | 00844nam a2200253Ia 4500 | ||
|---|---|---|---|
| 003 | GCL | ||
| 008 | 140319s9999 xx 000 0 ara d | ||
| 020 | _a4721345977 | ||
| 040 |
_aGCL / _cGCL |
||
| 082 | 0 | 4 |
_a688.72 _bج ص |
| 100 | 1 | _aجيبس ، برايان | |
| 245 | 1 | 0 |
_aصناعة لعب الاطفال / _cجيبس ، برايان |
| 700 | 1 | _aجيبس ، دونا | |
| 250 | _aالاولى | ||
| 260 |
_aالقاهرة : _bدار الفاروق للنشر والتوزيع ، _c2004 |
||
| 300 |
_a124 ص ؛ _c30 سم |
||
| 490 |
_aالمشروعات الصغيرة _v0 |
||
| 650 | 0 | 4 | _aلعب الاطفال |
| 650 | 0 | 4 | _aالمشروعات الصغيرة |
| 650 | 0 | 4 | _aلعب الاطفال - تصميم |
| 650 | 0 | 4 | _aلعب الاطفال - صناعة و تجارة |
| 650 | 0 | 4 | _aالدمى - صناعة |
| 942 |
_2ddc _cBK |
||
| 999 |
_c7246 _d7246 |
||